000 03971nam a2200289 4500
003 DO-SdBJH
005 20260305221033.0
008 260305b2025 |||d|||| |||| 00| 0 spa d
040 _aDO-SdBJH
_bspa
_cDO-SdBJH
041 0 _aspa
090 _aCT MA-DHIH 0002
_bEGDDHH 2025
100 1 _aNolasco Mejía, Ofir
_esustentante
245 1 0 _aImpacto de las actividades de agroforestería y silvicultura en la protección de la seguridad alimentaria en República Dominicana durante el período 2016-2022 /
_cOfir Nolasco Mejía, Andrea Nikauli Cuesta Sánchez ; asesor de contenido Evelin E. Zorrilla Ozuna ; asesor metodológico Johany Acevedo Cabrera.
260 _aSanto Domingo, República DOminicana :
_bUNADE,
_c2025.
300 _axxii, 84, [05] páginas :
_bgráficas.
502 _aTesis y trabajos de grado (Maestría en Derechos Humanos y Derecho Internacional Humanitario)--Universidad Nacional para la Defensa "General Juan Pablo Duarte y Díez", Escuela de Graduados en Derechos Humanos y Derecho Internacional Humanitario, Santo Domingo, 2025.
504 _aIncluye referencias bibliográficas y anexos.
505 _aActividades de Agroforestería y silvicultura implementadas en República Dominicana entre el período 2016-2022 --Desafíos y oportunidades de la agroforestería y la silvicultura frente a la seguridad alimentaria en República Dominicana (2016-2022) -- Políticas gubernamentales que han apoyado la implementación de la agroforestería y la silvicultura para mejorar la seguridad alimentaria y la protección de los derechos humanos en República Dominicana entre el período 2016-2022.
520 _aEl presente trabajo de investigación versa sobre el impacto de las actividades de agroforestería y silvicultura en la seguridad alimentaria de República Dominicana durante el período 2016-2022, con un enfoque en su contribución a la disponibilidad, el acceso y la sostenibilidad de los alimentos en comunidades vulnerables. La metodología está sustentada en un diseño no experimental de corte transversal, apoyado en la investigación documental y complementado con entrevistas semiestructuradas permitiendo integrar el análisis normativo y técnico con la experiencia de quienes ejecutan programas relacionados con el tema. Los resultados demuestran que estas habilidades favorecieron la reforestación de especies nativas, la conservación de suelos y agua, la diversificación productiva y la formación técnica de comunidades rurales; de igual manera, ha robustecido la resiliencia de los procedimientos alimentarios frente al cambio climático y contribuyendo al cumplimiento de los objetivos de desarrollo sostenible. Asimismo, se constata que los modelos sostenibles de producción agrícola mejoraron la calidad de vida en sectores marginados. Sin embargo, se identificaron limitaciones que redujeron el alcance de los programas, entre ellas la débil coordinación interinstitucional, la cobertura desigual y la escasez de financiamiento, factores que restringieron su impacto. En conclusión, la agroforestería y la silvicultura se configuran como instrumentos estratégicos para garantizar la seguridad alimentaria en el país. Se recomienda ampliar la inversión pública y privada, fortalecer la articulación institucional, consolidar programas de capacitación y asegurar un acceso equitativo a los beneficios derivados de estas prácticas sostenibles.
650 7 _2lemb
_aAgroforestería
_vInvestigaciones
_xSeguridad alimentaria
_y2016-2022
_zRepública Dominicana
650 7 _2lemb
_aSilvicultura
_vInvestigaciones
_xDesarrollo rural
_y2016-2022
_zRepública Dominicana
650 7 _2lemb
_aCambio climático $x
_vInvestigaciones
_xAspectos agrícolas
_xComunidades rurales
_y2016-2022
_zRepública Dominicana
700 1 _aCuesta Sánchez, Andrea Nikauli
_esustentante
700 1 _aZorrilla Ozuna, Evelin E.
_easesor de contenido
700 1 _aAcevedo Cabrera, Johany
_easesor metodológico
942 _2CL
_cT
999 _c8591
_d8591